logo

Bir Sreshtho Munshi Abdur Rouf Library
Jhenaidah Cadet College

Exercises for the ocean yacht navigator / (Record no. 9764)

MARC details
000 -LEADER
fixed length control field 00802nam a22002652 4500
001 - CONTROL NUMBER
JCCL Control Number 9764
003 - CONTROL NUMBER IDENTIFIER
JCCL marc code BD - JhCC
005 - DATE AND TIME OF LATEST TRANSACTION
control field 20180327113723.0
008 - FIXED-LENGTH DATA ELEMENTS--GENERAL INFORMATION
fixed length control field 180327s1976 enkad 000 0 eng d
020 ## - INTERNATIONAL STANDARD BOOK NUMBER
International Standard Book Number 0245528717
035 ## - SYSTEM CONTROL NUMBER
system control number OCLC ocm16382532 from D970411M
-- (BD - JhCC)9764
040 ## - CATALOGING SOURCE
Original cataloging agency UKM
Transcribing agency UKM
Modifying agency EQO
-- BD - JhCC
041 ## - LANGUAGE CODE
Language code of Book eng
050 1# - LIBRARY OF CONGRESS CALL NUMBER
Classification number VK555
082 0# - DEWEY DECIMAL CLASSIFICATION NUMBER
Classification number 527/.02/47971
DDC Edition number 18
Author mark and Year WIL 1976
100 1# - MAIN ENTRY--PERSONAL NAME
Personal name Wilkes, Kenneth.
245 10 - TITLE STATEMENT
Title Exercises for the ocean yacht navigator /
Statement of responsibility, etc Kenneth Wilkes.
260 ## - PUBLICATION, DISTRIBUTION, ETC. (IMPRINT)
Place of publication, distribution, etc Lymington :
Name of publisher, distributor, etc Nautical Publishing Co.,
Date of publication, distribution, etc 1976.
300 ## - PHYSICAL DESCRIPTION
Pagination 176 p. :
Other physical details ill., charts ;
Dimensions 21 cm.
500 ## - GENERAL NOTE
General note With answers.
650 #0 - SUBJECT ADDED ENTRY--TOPICAL TERM
Topical term or geographic name as entry element Nautical astronomy
General subdivision Problems, exercises, etc.
650 #0 - SUBJECT ADDED ENTRY--TOPICAL TERM
Topical term or geographic name as entry element Navigation
General subdivision Problems, exercises, etc.
942 ## - ADDED ENTRY ELEMENTS (KOHA)
Source of classification or shelving scheme Dewey Decimal Classification
Koha item type Books
Holdings
Source of classification or shelving scheme Damaged status Not for loan Home library Current library Shelving location Date of accession Total Checkouts Full call number Barcode Date last seen Copy number Koha item type
Dewey Decimal Classification     JCC Rouf Library JCC Rouf Library General Stacks 03/27/2018   527/.02/47971 WIL 1976 13059 03/27/2018 C-1 Books

JCC Library | Contacts | JCC Home

Last Update on 23 September 2017
Copyright @ 2017-2020 JCC Rouf Library
Rouf Library, Jhenidah Cadet College (JCC), Bangladesh